| 000 | 00857nam a2200229Ia 4500 | ||
|---|---|---|---|
| 001 | 9159 | ||
| 003 | GE_BSU | ||
| 008 | 181216s||||||||xx |||||||||||||| ||und|| | ||
| 040 | _cGE_BSU | ||
| 080 | _a821.353.1-31+821.353.1-32 | ||
| 100 | _aლისაშვილი,იაკინთე | ||
| 245 | _aთხზულებანი:ოთხ ტომად. ტ.1 | ||
| 245 | _bთხზულებანი:მოთხრობები და რომანები | ||
| 245 | _cრედ:ლავროსი კალნდაძე;მხატვ:დავით დუნდუა | ||
| 260 | _aთბილისი. | ||
| 260 | _bმერანი. | ||
| 260 | _c1971 | ||
| 300 | _a592გვ;20სმ. | ||
| 300 | _b1ფ.პორტრ. | ||
| 653 | _aმოთხრობები და რომანები | ||
| 942 | _cBK | ||
| 999 |
_c42463 _d42463 |
||